| 000 | 01594njm a2200373 c 4500 | ||
|---|---|---|---|
| 999 |
_c220782 _d220782 |
||
| 003 | BLK | ||
| 005 | 20220218165146.0 | ||
| 008 | 180410b bul||n||s|||||||| n|bulo| | ||
| 010 | _aCDD00003252000 | ||
| 040 | _aBLK | ||
| 041 |
_aBUL _cBUL |
||
| 072 | 7 |
_2bullib _aК _xКраезнание |
|
| 080 |
_aВисше образование. Висши учебни заведения _b378 _x(497.215.034)(091) _z378(497.215.034)(091) |
||
| 139 |
_aМихов, Васил Димитров и др. _bМ 76 |
||
| 245 | 1 | 0 |
_aСътрудничество - минало, настояще, бъдеще [CD-ROM] _bДок. сб. 1995 - 14.02.2007 _cсъстав. Васил Димитров Михов; състав. Цено Крумов Костов. |
| 257 | _aBGR | ||
| 260 |
_bОбщина Монтана _bРусенски унив. Ангел Кънчев _c2007 |
||
| 300 |
_a(78,5 МВ) _c12 см |
||
| 380 | _a3 | ||
| 590 | _aS.N: 86128 от КНИГИ | ||
| 650 | 4 |
_aВисши учебни заведения - България - Русе _9271055 |
|
| 653 | _aвисше образование | ||
| 653 | _aвисши училища | ||
| 653 | _aсътрудничество | ||
| 653 | _aРусенски университет | ||
| 659 | _aК | ||
| 700 | 1 |
_aМихов, Васил Димитров _eсъстав. _9373667 |
|
| 700 | 1 |
_aКостов, Цено Крумов _eсъстав. _9383747 |
|
| 852 |
_aЦб CD 1998 _p0 |
||
| 852 | _aК 37/М 76 | ||
| 856 | 4 |
_qpdf _u |
|
| 856 | 4 |
_qpdf _u |
|
| 942 |
_cCDD _n0 _s1 |
||
| 944 |
_aCR _c31.10.2008 _kГеновева_Генчева |
||
| 944 |
_aED _c26.11.2008 |
||
| 999 | _d220782 | ||